[Event "World Rapid 2017"]
[Site "Riyadh KSA"]
[Date "2017.12.28"]
[Round "12.18"]
[White "Guseinov, Gadir"]
[Black "Melkumyan, Hrant"]
[Result "1-0"]
[WhiteTitle "GM"]
[BlackTitle "GM"]
[WhiteElo "2646"]
[BlackElo "2633"]
[WhiteFideId "13401378"]
[BlackFideId "13302485"]
[EventDate "2017.12.26"]

1. e4 e5 2. Nf3 Nf6 3. d4 Nxe4 4. Bd3 d5 5. Nxe5 Nd7 6. Nxd7 Bxd7 7. O-O Bd6 8.
Qh5 c6 9. Nc3 Nf6 10. Re1+ Be7 11. Qf3 O-O 12. h3 Re8 13. Bg5 Be6 14. Ne2 Nd7
15. Bd2 Nf8 16. Ng3 Bd6 17. Nf5 Bxf5 18. Qxf5 Qd7 19. Qf3 Rxe1+ 20. Rxe1 Re8 21.
Rxe8 Qxe8 22. g3 g6 23. Kg2 Kg7 24. c4 Qe6 25. cxd5 cxd5 26. Bb5 h5 27. Ba4 Nh7
28. Bb3 Nf6 29. Bf4 Bxf4 30. Qxf4 b6 31. Qe5 a5 32. f3 Kf8 33. g4 hxg4 34. hxg4
Qxe5 35. dxe5 Nd7 36. f4 g5 37. Kf3 d4 38. fxg5 Nxe5+ 39. Ke4 Nxg4 40. Kxd4 Ke7
41. Kc4 f5 42. gxf6+ Nxf6 43. Kb5 Nd7 44. Kc6 Ne5+ 45. Kxb6 Nd3 46. Bc2 Nxb2 47.
Kc5 a4 48. a3 1-0

[Event "World Rapid 2017"]
[Site "Riyadh KSA"]
[Date "2017.12.28"]
[Round "12.19"]
[White "Kuzubov, Yuriy"]
[Black "Zhigalko, Sergei"]
[Result "0-1"]
[WhiteTitle "GM"]
[BlackTitle "GM"]
[WhiteElo "2699"]
[BlackElo "2641"]
[WhiteFideId "14112906"]
[BlackFideId "13502956"]
[EventDate "2017.12.26"]

1. Nf3 d5 2. g3 c6 3. Bg2 Bg4 4. b3 e6 5. Bb2 Nf6 6. O-O Be7 7. d3 a5 8. a3 O-O
9. Nbd2 Nbd7 10. e4 Qb6 11. h3 Bh5 12. Qe2 Rfd8 13. g4 Bg6 14. Nh4 Nf8 15. Kh1
dxe4 16. Nxg6 Nxg6 17. Nxe4 Nd5 18. Bc1 Qc7 19. Qf3 Ndf4 20. Be3 Rf8 21. Ng3 Bd6
22. Bxf4 Bxf4 23. Ne2 Bd6 24. Qe3 Nf4 25. Nxf4 Bxf4 26. Qe4 Rfd8 27. d4 Rd5 28.
Rad1 Rad8 29. c3 Rg5 30. Bf3 Rg6 31. Qe2 Qe7 32. Qe4 Bc7 33. b4 Qh4 34. Kg2 f5
35. Qe3 fxg4 36. Be4 Bf4 37. Qd3 gxh3+ 38. Kh1 Rg2 39. Bxg2 hxg2+ 40. Kxg2 Qg4+
41. Kh1 Rd5 0-1

[Event "World Rapid 2017"]
[Site "Riyadh KSA"]
[Date "2017.12.28"]
[Round "12.20"]
[White "Wang, Yue"]
[Black "Kokarev, Dmitry"]
[Result "0-1"]
[WhiteTitle "GM"]
[BlackTitle "GM"]
[WhiteElo "2690"]
[BlackElo "2615"]
[WhiteFideId "8601429"]
[BlackFideId "4132181"]
[EventDate "2017.12.26"]

1. d4 Nf6 2. c4 g6 3. Nc3 Bg7 4. e4 d6 5. h3 O-O 6. Nf3 Na6 7. Be3 c5 8. d5 e6
9. Nd2 exd5 10. cxd5 Nc7 11. Be2 b5 12. a3 b4 13. axb4 cxb4 14. Nb5 Nxb5 15.
Bxb5 Bd7 16. Bd3 Nh5 17. g4 Nf6 18. Rxa7 Rxa7 19. Bxa7 h5 20. g5 Nh7 21. h4 Bxb2
22. Be3 Bc3 23. f4 Bg4 24. Be2 Bxe2 25. Kxe2 Qd7 26. Qc2 Rc8 27. Nf3 Bg7 28. Qb3
Qb5+ 29. Qd3 Qa4 30. Rc1 Rxc1 31. Bxc1 Nf8 32. Qc4 Bc3 33. Bd2 Qc2 34. Qd3 Qa2
35. Ke3 Bxd2+ 36. Qxd2 b3 37. Qb4 Qc2 38. Qd2 Qb1 39. Qd3 Qc1+ 40. Qd2 0-1

[Event "World Rapid 2017"]
[Site "Riyadh KSA"]
[Date "2017.12.28"]
[Round "12.21"]
[White "Fressinet, Laurent"]
[Black "Anton Guijarro, David"]
[Result "0-1"]
[WhiteTitle "GM"]
[BlackTitle "GM"]
[WhiteElo "2662"]
[BlackElo "2666"]
[WhiteFideId "608742"]
[BlackFideId "2285525"]
[EventDate "2017.12.26"]

1. e4 e5 2. Nf3 Nc6 3. Bc4 Bc5 4. O-O Nf6 5. d3 h6 6. c3 d6 7. a4 a5 8. Na3 O-O
9. Nc2 Be6 10. Bxe6 fxe6 11. Be3 Bxe3 12. Nxe3 Qe8 13. Nd2 Nd7 14. Ndc4 Nc5 15.
f3 Qf7 16. d4 exd4 17. cxd4 Nd7 18. d5 Nb4 19. dxe6 Qxe6 20. Qd2 b6 21. b3 Nc5
22. Rab1 Rf7 23. Rfd1 Qg6 24. Kh1 Re8 25. Nd5 Rxe4 26. Nxb4 Rh4 27. Qf2 Qh5 28.
g4 Qxg4 29. Nd5 Rxf3 30. Qg2 Ne4 31. Nde3 Qf4 32. Nd5 Qf7 33. Rb2 Nf2+ 34. Rxf2
Rxf2 35. Ne7+ Kh7 0-1

[Event "World Rapid 2017"]
[Site "Riyadh KSA"]
[Date "2017.12.28"]
[Round "12.23"]
[White "Bacrot, Etienne"]
[Black "Almasi, Zoltan"]
[Result "1/2-1/2"]
[WhiteTitle "GM"]
[BlackTitle "GM"]
[WhiteElo "2725"]
[BlackElo "2682"]
[WhiteFideId "605506"]
[BlackFideId "702293"]
[EventDate "2017.12.26"]

1. e4 e5 2. Nf3 Nc6 3. Bb5 a6 4. Ba4 Nf6 5. O-O Be7 6. d3 d6 7. c3 O-O 8. Re1
Re8 9. Nbd2 Bf8 10. Nf1 h6 11. Ng3 b5 12. Bb3 Na5 13. Bc2 c5 14. d4 exd4 15.
cxd4 Bg4 16. d5 Nc4 17. h3 Bxf3 18. gxf3 Qa5 19. b3 Ne5 20. Kg2 Ng6 21. Bd2 Nh4+
22. Kh1 Qd8 23. Rg1 Kh8 24. f4 g6 25. f3 Bg7 26. Qf1 Nh7 27. Rd1 Bd4 28. Bc1
Bxg1 29. Kxg1 g5 30. Bb2+ f6 31. Nh5 Ng6 32. e5 Nxf4 33. Nxf4 gxf4 34. Bxh7 fxe5
35. Be4 Qh4 36. Kh2 Rg8 37. Bc3 Rg7 38. Be1 Qf6 39. Bf2 Rag8 40. a4 b4 41. Rd2
a5 42. Rc2 Qg5 43. Be1 Qe7 44. Bf2 Qg5 45. Be1 Qe7 46. Re2 Qd7 47. Bh4 Qf7 48.
Rc2 Qf8 49. Rd2 Rf7 50. Rg2 Rfg7 51. Rg4 h5 52. Rxg7 Qxg7 53. Bf5 Rf8 54. Be6 e4
55. fxe4 f3 56. Bf5 Rg8 57. Qf2 Qg2+ 58. Qxg2 Rxg2+ 59. Kh1 Rd2 60. Kg1 Kg7 61.
Be7 c4 62. bxc4 b3 63. Bxd6 Kf6 64. Bh7 Kg7 65. Bf5 Kf6 66. Bh7 Kg7 67. Bf5 Kf6
68. Bh7 1/2-1/2

[Event "World Rapid 2017"]
[Site "Riyadh KSA"]
[Date "2017.12.28"]
[Round "12.24"]
[White "Fedorchuk, Sergey A."]
[Black "Leko, Peter"]
[Result "1/2-1/2"]
[WhiteTitle "GM"]
[BlackTitle "GM"]
[WhiteElo "2648"]
[BlackElo "2691"]
[WhiteFideId "14102536"]
[BlackFideId "703303"]
[EventDate "2017.12.26"]

1. e4 e5 2. Nf3 Nc6 3. Bb5 Nf6 4. d3 Bc5 5. O-O Nd4 6. Nxd4 Bxd4 7. c3 Bb6 8.
Ba4 c6 9. Na3 d6 10. Nc4 Bc7 11. Ne3 O-O 12. Qf3 g6 13. Bb3 Kg7 14. h3 Qe7 15.
Re1 Be6 16. Ng4 Nxg4 17. hxg4 Bb6 18. Be3 Bxe3 19. Rxe3 Qg5 20. Bxe6 fxe6 21.
Qe2 Rf4 22. Rg3 Raf8 23. Qe3 a6 24. Rf1 h6 25. a4 R8f7 26. b4 Rxg4 27. Qxg5 Rxg5
28. Rxg5 hxg5 29. Kh2 d5 30. Kg3 Rf4 31. Re1 Kf6 32. a5 Rh4 33. c4 Rh7 34. f3
Rd7 35. Rb1 dxc4 36. dxc4 Rd2 37. Rb3 g4 38. b5 cxb5 39. cxb5 gxf3 40. Rxf3+ Kg5
41. Rf7 Rd3+ 42. Kf2 Ra3 43. Rxb7 Rxa5 44. bxa6 Rxa6 45. Rg7 Ra3 46. Rg8 Ra7 47.
Kf3 Rf7+ 48. Ke3 Rf6 49. Ra8 Rf1 50. Re8 Rf6 51. Ra8 Rf7 52. Ra5 Kf6 53. Kf3 Rb7
54. Rc5 Rb3+ 55. Kf2 Ra3 56. Rb5 Ra4 57. Kf3 Rc4 58. Ra5 Rc1 59. Rb5 Rf1+ 60.
Ke3 Rh1 61. Kf3 Rh4 62. Ra5 Rh5 63. Rb5 Rh8 64. Ra5 Rf8 65. Ke3 Rc8 66. Kf3 Rc3+
67. Kf2 Rc1 68. Rb5 Rc6 69. Kf3 Ra6 70. Rc5 Ra4 71. Rb5 Ra1 72. Kf2 Rh1 73. Ra5
Rh4 74. Kf3 Rf4+ 75. Ke3 Rf1 76. Ke2 Rb1 77. Kf3 Rb3+ 78. Kf2 Rb6 79. Kf3 Rc6
80. Rb5 Rc3+ 81. Kf2 Rc7 82. Kf3 Rf7 83. Ke3 Rf8 84. Ra5 Re8 85. Kf3 Re7 86. Rb5
Ra7 87. Rc5 Ra3+ 88. Kf2 Ra8 89. Kf3 Rf8 90. Ke3 Re8 91. Kf3 Re7 92. Ra5 Rh7 93.
Rb5 Rh4 94. Ra5 Rf4+ 95. Ke3 g5 96. Ra8 Rg4 97. Kf3 Rh4 98. g4 Rh3+ 99. Kf2 Rh7
100. Ra5 Rb7 101. Kf3 Rb2 102. Rc5 Rb1 103. Kf2 Rb7 104. Ra5 Rg7 105. Ke3 Rf7
106. Rb5 Rf8 107. Ra5 Rh8 108. Kf3 Rh1 109. Kf2 Rh2+ 110. Kf3 Rd2 111. Rb5 Rd1
112. Kf2 Rd8 113. Kf3 Rf8 114. Ke3 Rf7 115. Ra5 Rh7 116. Kf3 Rh4 117. Rb5 1/2-1/2

[Event "World Rapid 2017"]
[Site "Riyadh KSA"]
[Date "2017.12.28"]
[Round "12.25"]
[White "Nguyen, Ngoc Truong Son"]
[Black "Li, Chao b"]
[Result "1/2-1/2"]
[WhiteTitle "GM"]
[BlackTitle "GM"]
[WhiteElo "2630"]
[BlackElo "2732"]
[WhiteFideId "12401110"]
[BlackFideId "8604436"]
[EventDate "2017.12.26"]

1. d4 Nf6 2. Nf3 g6 3. Bg5 Bg7 4. Nbd2 d5 5. e3 O-O 6. Bd3 c5 7. c3 Nbd7 8. O-O
b6 9. a4 a5 10. Re1 Bb7 11. Bb5 h6 12. Bh4 Qc8 13. Qb3 Bc6 14. Rac1 c4 15. Qa3
Bxb5 16. axb5 Re8 17. Bxf6 Bxf6 18. e4 e6 19. exd5 exd5 20. Qd6 Rd8 21. Re2 Ra7
22. Rf1 Qa8 23. Rfe1 a4 24. Nf1 Ra5 25. Ne5 Qb8 26. Nxf7 Kxf7 27. Re7+ Bxe7 28.
Rxe7+ Kf8 29. Qe6 Qf4 30. Rxd7 Rxd7 31. Qxd7 a3 32. Qd8+ Kg7 33. bxa3 Qf7 34.
Qd6 Rxb5 35. Qe5+ Kh7 36. f3 Rb1 37. Kf2 Rb2+ 38. Kg3 Qg7 39. Qxd5 Qe7 40. Ne3
Qxe3 41. Qf7+ Kh8 42. Qf8+ Kh7 1/2-1/2

[Event "World Rapid 2017"]
[Site "Riyadh KSA"]
[Date "2017.12.28"]
[Round "12.26"]
[White "Movsesian, Sergei"]
[Black "Miton, Kamil"]
[Result "1/2-1/2"]
[WhiteTitle "GM"]
[BlackTitle "GM"]
[WhiteElo "2647"]
[BlackElo "2584"]
[WhiteFideId "310204"]
[BlackFideId "1111914"]
[EventDate "2017.12.26"]

1. e4 c5 2. Nf3 Nc6 3. Bb5 e6 4. O-O Nge7 5. Re1 a6 6. Bf1 d5 7. d3 d4 8. e5 b6
9. g3 Bb7 10. Bg2 Nd5 11. Nbd2 Be7 12. Ne4 h6 13. h4 Qc7 14. c4 dxc3 15. bxc3
Rd8 16. a3 c4 17. d4 Na5 18. Bb2 b5 19. Qc2 Nb3 20. Rad1 Nb6 21. Nfd2 Bd5 22.
Nf1 Na4 23. Ne3 O-O 24. Nxd5 exd5 25. Nd2 Nxd2 26. Qxd2 Qa5 27. Ra1 Nxb2 28.
Qxb2 Qb6 29. h5 Qc6 30. Bh3 a5 31. Bf5 b4 32. axb4 axb4 33. Ra7 bxc3 34. Qxc3
Rde8 35. Rb1 Bc5 36. Bd7 Rb8 37. Rxb8 1/2-1/2

[Event "World Rapid 2017"]
[Site "Riyadh KSA"]
[Date "2017.12.28"]
[Round "12.27"]
[White "Christiansen, Johan-Sebastian"]
[Black "Alekseev, Evgeny"]
[Result "0-1"]
[WhiteTitle "IM"]
[BlackTitle "GM"]
[WhiteElo "2495"]
[BlackElo "2616"]
[WhiteFideId "1512668"]
[BlackFideId "4138147"]
[EventDate "2017.12.26"]

1. e4 c5 2. Nf3 Nc6 3. Bb5 g6 4. O-O Bg7 5. h3 e5 6. a3 Nge7 7. b4 b6 8. d3 O-O
9. Bc4 d5 10. Bb3 c4 11. dxc4 dxe4 12. Qxd8 Rxd8 13. Ng5 Nd4 14. Nxe4 h6 15. c5
bxc5 16. Nxc5 Bf5 17. Ra2 Nxb3 18. Nxb3 Rac8 19. Nc5 Nc6 20. Be3 Nd4 21. c3 Nb5
22. Bd2 e4 23. a4 Nd6 24. g4 Bd7 25. Na3 Bc6 26. Rc1 Nb7 27. Nxb7 Bxb7 28. c4
Rd3 29. Be3 f5 30. Nb5 a6 31. Na7 Ra8 32. Rac2 f4 33. Bb6 Bd4 34. c5 Bd5 35. c6
Bxb6 36. c7 e3 37. c8=Q+ Rxc8 38. Rxc8+ Kg7 39. a5 e2 40. Re1 Rg3+ 41. Kh2 Rg2+
42. Kh1 Rxf2+ 43. Kg1 Rf1+ 44. Kh2 Bg1# 0-1

[Event "World Rapid 2017"]
[Site "Riyadh KSA"]
[Date "2017.12.28"]
[Round "12.28"]
[White "Kasimdzhanov, Rustam"]
[Black "Akobian, Varuzhan"]
[Result "1/2-1/2"]
[WhiteTitle "GM"]
[BlackTitle "GM"]
[WhiteElo "2683"]
[BlackElo "2647"]
[WhiteFideId "14200244"]
[BlackFideId "13300580"]
[EventDate "2017.12.26"]

1. Nf3 Nf6 2. b3 d5 3. Bb2 c6 4. g3 Bg4 5. Bg2 Nbd7 6. O-O e6 7. c4 Be7 8. d3
O-O 9. Nbd2 a5 10. a3 Re8 11. Rc1 Bd6 12. h3 Bh5 13. Rc2 h6 14. Re1 Qe7 15. Qa1
Rad8 16. Nf1 Bg6 17. cxd5 exd5 18. Qc1 Ne5 19. Nxe5 Bxe5 20. Bxe5 Qxe5 21. Qd2
Ra8 22. Rb1 d4 23. b4 axb4 24. Qxb4 Rab8 25. a4 Nd5 26. Bxd5 Qxd5 27. a5 Qh5 28.
Qxd4 Qxa5 29. Ne3 Qh5 30. Kg2 Rbd8 31. Qg4 Qxg4 32. hxg4 Re7 33. Rb6 f6 34. Rcb2
Rdd7 35. Nc4 Bf7 36. Na5 c5 37. f3 c4 38. dxc4 Rc7 39. R6b4 b6 40. Rxb6 Bxc4 41.
Kf2 Rc5 42. Nb7 Rce5 43. e4 h5 44. Nd6 Be6 45. Nf5 Rd7 46. Nh4 hxg4 47. Ng6 Rg5
48. Rb8+ Kf7 49. Nh8+ Ke7 50. f4 Rh5 51. Ng6+ Kf7 52. Nh8+ Ke7 53. Ke3 Bf7 54.
R2b7 Be8 55. Ng6+ Bxg6 56. Rxd7+ Kxd7 57. Rb7+ Ke8 58. Rxg7 Rh6 59. f5 Bh5 60.
Kf4 Bf7 61. e5 fxe5+ 62. Kxe5 Ke7 63. Rxg4 Ra6 64. Rb4 Ra5+ 65. Kf4 Rc5 66. g4
Rc4+ 1/2-1/2

[Event "World Rapid 2017"]
[Site "Riyadh KSA"]
[Date "2017.12.28"]
[Round "12.29"]
[White "Bocharov, Dmitry"]
[Black "Esipenko, Andrey"]
[Result "1/2-1/2"]
[WhiteTitle "GM"]
[BlackTitle "FM"]
[WhiteElo "2583"]
[BlackElo "2564"]
[WhiteFideId "4138716"]
[BlackFideId "24175439"]
[EventDate "2017.12.26"]

1. c4 Nf6 2. Nc3 e6 3. Nf3 Bb4 4. Qc2 O-O 5. g3 b6 6. Bg2 Bb7 7. a3 Bxc3 8. Qxc3
d6 9. O-O Nbd7 10. b4 Qe7 11. Bb2 c5 12. d3 e5 13. e4 Nh5 14. Nh4 Nf4 15. Nf5
Ne2+ 16. Kh1 Qf6 17. Qd2 Nd4 18. Bxd4 exd4 19. f4 h5 20. Rf2 g6 21. Nh4 Kg7 22.
Raf1 Rae8 23. Kg1 Ba8 24. Bh3 Re7 25. Nf3 a6 26. Bxd7 Rxd7 27. f5 g5 28. Nxg5
Rg8 29. bxc5 dxc5 30. Qf4 Re7 31. Ne6+ Kh7 32. Qd6 fxe6 33. Qxb6 h4 34. fxe6 Qg5
35. Rf7+ Rg7 36. R7f5 Qe3+ 37. Kg2 Qxd3 38. Rh5+ Kg6 39. Rxh4 Bxe4+ 40. Kg1 Qe3+
41. Rf2 d3 42. Rg4+ Kh6 43. Rh4+ Kg5 44. Qd6 Bf3 45. Rf4 Qe1+ 46. Rf1 Qe3+ 47.
Rf2 Bg4 48. Qd5+ Kh6 49. Re4 Qg5 50. Qxd3 Rxe6 51. h4 Qg6 52. Rff4 Rxe4 53. Rxe4
Bf5 54. Qe3+ Kh7 55. Re5 Qg4 56. Kf2 Rf7 57. Re7 Qxc4 58. Rxf7+ Qxf7 59. Qxc5
Bg4+ 60. Ke1 Qe6+ 61. Kd2 Qe2+ 62. Kc1 Qf1+ 63. Kb2 Qf6+ 64. Qc3 Qb6+ 65. Qb3
Qd4+ 66. Qc3 Qd7 67. Qc5 Bf5 68. Qe3 Qc7 69. Qc3 Qb6+ 70. Kc1 Qg1+ 71. Kd2 Qf2+
72. Kc1 Kg6 73. Kd1 Kh5 74. Kc1 Kg4 75. Kd1 Be4 76. Kc1 Qe2 77. Qd2 Qc4+ 78. Kb2
a5 79. Qc3 Qe2+ 80. Kc1 a4 81. Qc8+ Bf5 82. Qc3 Bd3 83. Qd2 Qe4 84. Qf4+ Qxf4+
85. gxf4 Kxf4 86. Kb2 Kg4 87. h5 Kxh5 88. Ka1 1/2-1/2

[Event "World Rapid 2017"]
[Site "Riyadh KSA"]
[Date "2017.12.28"]
[Round "12.30"]
[White "Demchenko, Anton"]
[Black "Vidit, Santosh Gujrathi"]
[Result "1-0"]
[WhiteTitle "GM"]
[BlackTitle "GM"]
[WhiteElo "2660"]
[BlackElo "2715"]
[WhiteFideId "4160258"]
[BlackFideId "5029465"]
[EventDate "2017.12.26"]

1. e4 e5 2. Nf3 Nc6 3. Bc4 Bc5 4. d3 Nf6 5. Bg5 h6 6. Bh4 Be7 7. a4 d6 8. Nbd2
O-O 9. Bg3 Na5 10. Ba2 Nh5 11. Nf1 g6 12. Qd2 c5 13. Qxh6 c4 14. Ne3 Be6 15.
Bxc4 Nxc4 16. Nxc4 Rc8 17. b3 Bf6 18. O-O d5 19. Ncxe5 dxe4 20. dxe4 Rxc2 21.
Rad1 Qe7 22. Qe3 Rfc8 23. Qxa7 g5 24. Nc4 Bxc4 25. bxc4 Nxg3 26. hxg3 Qxe4 27.
Nd2 Qd3 28. Qxb7 Re8 29. Nf3 Qxc4 30. Qd7 Re4 31. Nd2 Qxa4 32. Nxe4 Qxe4 33. Qd3
Qc6 34. Qd5 Qb6 35. Rd2 Rc3 36. Qf5 Rxg3 37. Rb1 Rb3 38. Rxb3 Qxb3 39. g3 Kg7
40. Qd3 Qb7 41. Qd5 Qb1+ 42. Kg2 Kg6 43. Ra2 Qf5 44. Qxf5+ Kxf5 45. Ra5+ Be5 46.
f3 f6 47. g4+ Kf4 48. Kf2 Bd4+ 49. Ke2 Be5 50. Rb5 Ba1 51. Rb4+ Kg3 52. Ke3 Be5
53. Ke4 Bc3 54. Rb3 Ba1 55. Kf5 Kf2 56. Rd3 Be5 57. Ke4 Ba1 58. Ra3 Be5 59. Rb3
Ba1 60. f4 gxf4 61. Kxf4 Kg2 62. Ke4 Kf2 63. Ra3 Be5 64. g5 1-0

[Event "World Rapid 2017"]
[Site "Riyadh KSA"]
[Date "2017.12.28"]
[Round "12.31"]
[White "Ponomariov, Ruslan"]
[Black "Salem, A.R. Saleh"]
[Result "0-1"]
[WhiteTitle "GM"]
[BlackTitle "GM"]
[WhiteElo "2694"]
[BlackElo "2638"]
[WhiteFideId "14103320"]
[BlackFideId "9301348"]
[EventDate "2017.12.26"]

1. e4 c5 2. Nf3 d6 3. d4 cxd4 4. Nxd4 Nf6 5. Nc3 a6 6. Be2 e5 7. Nb3 Be7 8. Bg5
Be6 9. Bxf6 Bxf6 10. Qd3 Be7 11. Nd5 Nd7 12. Rd1 Bxd5 13. Qxd5 Qc7 14. c3 Nf6
15. Qd3 O-O 16. O-O Rfd8 17. Bf3 b5 18. Rfe1 g6 19. g3 Bf8 20. Na1 Bh6 21. Nc2
a5 22. Na3 b4 23. Nb5 Qc5 24. a4 bxa3 25. Nxa3 Rab8 26. Re2 a4 27. Qa6 Ra8 28.
Qc4 Qb6 29. Kg2 Kf8 30. Qa2 Qa6 31. Nc2 Qc8 32. Nb4 Qb7 33. Rd3 Kg8 34. Re1 Bf8
35. Bd1 Kg7 36. Nd5 Nxd5 37. Rxd5 Rdb8 38. Re2 Qc6 39. Rd3 Be7 40. Rf3 Rf8 41.
Bc2 Bd8 42. Bd3 Bb6 43. Bc4 Ra7 44. Bd5 Qc5 45. Rd2 f5 46. Qb1 f4 47. Qd3 Rf6
48. Ba2 g5 49. g4 h5 50. h3 hxg4 51. hxg4 Qc8 52. Kf1 Qxg4 53. Ke2 Qc8 54. Rh3
f3+ 55. Rxf3 Qg4 56. Rd1 Bc5 57. Bd5 Ra6 58. Rg1 Qxg1 59. Rxf6 Kxf6 60. Qf3+ Ke7
61. Qf7+ Kd8 62. Qf8+ Kc7 63. Qe7+ Kb6 64. Qd8+ Kb5 65. Qb8+ Rb6 66. Qe8+ Ka5
67. Qa8+ Ra6 68. Qd8+ Bb6 69. Qxd6 Qxf2+ 70. Kd3 Qe3+ 71. Kc2 Qc1+ 0-1

[Event "World Rapid 2017"]
[Site "Riyadh KSA"]
[Date "2017.12.28"]
[Round "12.32"]
[White "Ponkratov, Pavel"]
[Black "Sjugirov, Sanan"]
[Result "1-0"]
[WhiteTitle "GM"]
[BlackTitle "GM"]
[WhiteElo "2613"]
[BlackElo "2650"]
[WhiteFideId "4157800"]
[BlackFideId "4189302"]
[EventDate "2017.12.26"]

1. c4 e5 2. Nc3 d6 3. g3 f5 4. d4 Be7 5. Bg2 Nf6 6. d5 O-O 7. Nf3 a5 8. e4 Na6
9. exf5 Bxf5 10. O-O Qd7 11. Ng5 Nc5 12. Be3 Ng4 13. Nge4 Nxe4 14. Nxe4 Qe8 15.
Qe2 Qg6 16. Bd2 b6 17. Rae1 h6 18. f4 exf4 19. Rxf4 Ne5 20. Bc3 Bg4 21. Qf1 Rxf4
22. gxf4 Rf8 23. Ng3 Bg5 24. Bd2 Qc2 25. Bc1 Qd3 26. Rxe5 Qd4+ 27. Be3 Qxb2 28.
Re4 Qxa2 29. f5 Bxe3+ 30. Rxe3 Qb2 31. h3 Qd4 32. Qf2 Bd1 33. Bf1 a4 34. Ra3 Qe5
35. Re3 Qd4 36. Re1 Qxf2+ 37. Kxf2 Bc2 38. Ra1 Kf7 39. Ke3 Re8+ 40. Kd2 Bb3 41.
Bd3 Re5 42. h4 Kf8 43. Ne2 b5 44. cxb5 Rxd5 45. Nf4 Rd4 46. Rf1 Bc4 47. Ne6+
Bxe6 48. fxe6+ Ke7 49. Kc3 Rxh4 50. Bc4 d5 51. Bxd5 Kd6 52. Bc4 Re4 53. Rd1+ Kc5
54. Rd5+ Kb6 55. Rd7 a3 56. e7 c6 57. Bf7 Re3+ 58. Kc2 Re2+ 59. Kb1 1-0

[Event "World Rapid 2017"]
[Site "Riyadh KSA"]
[Date "2017.12.28"]
[Round "12.33"]
[White "Riazantsev, Alexander"]
[Black "Potkin, Vladimir"]
[Result "1/2-1/2"]
[WhiteTitle "GM"]
[BlackTitle "GM"]
[WhiteElo "2650"]
[BlackElo "2574"]
[WhiteFideId "4125029"]
[BlackFideId "4131061"]
[EventDate "2017.12.26"]

1. d4 d5 2. c4 e6 3. Nc3 c6 4. e3 Nf6 5. Bd3 Nbd7 6. cxd5 exd5 7. Nge2 Be7 8.
O-O O-O 9. f3 c5 10. Bd2 Nb8 11. dxc5 Bxc5 12. Nd4 Nc6 13. Nce2 Re8 14. Kh1 Bd7
15. Rc1 Bb6 16. b3 Qe7 17. Re1 Rac8 18. Bb1 h5 19. Ng3 Nxd4 20. Rxc8 Bxc8 21.
exd4 Qf8 22. Rxe8 Qxe8 23. Bg5 Nh7 24. Bf4 h4 25. Nf5 Bxf5 26. Bxf5 Nf8 27. Qd2
Ne6 28. Be3 g6 29. Bxe6 Qxe6 30. Kg1 Qf5 31. Qd1 Bc7 32. h3 Qe6 33. Qd3 Bd8 34.
a4 a6 35. Kf1 Bf6 36. Bf4 Kg7 37. Bh2 Qb6 38. Bg1 Qb4 39. Be3 Qa3 40. Qd1 Qb2
41. Bf2 Qc3 42. Kg1 b5 43. axb5 axb5 44. Kf1 Bg5 45. Ke2 Qb2+ 46. Kf1 Bf6 47.
Kg1 Qc3 48. Kf1 Bg5 49. Ke2 Qb2+ 50. Kf1 Qc3 1/2-1/2

[Event "World Rapid 2017"]
[Site "Riyadh KSA"]
[Date "2017.12.28"]
[Round "12.34"]
[White "Vallejo Pons, Francisco"]
[Black "Short, Nigel D"]
[Result "1-0"]
[WhiteTitle "GM"]
[BlackTitle "GM"]
[WhiteElo "2707"]
[BlackElo "2678"]
[WhiteFideId "2205530"]
[BlackFideId "400025"]
[EventDate "2017.12.26"]

1. e4 e5 2. Nf3 Nc6 3. Bb5 a6 4. Ba4 d6 5. c3 Bd7 6. O-O g6 7. d4 Bg7 8. Re1
Nge7 9. Be3 O-O 10. Nbd2 h6 11. h3 Kh7 12. Bc2 exd4 13. Nxd4 f5 14. exf5 Nxf5
15. N2f3 Qf6 16. Nxf5 Bxf5 17. Nd4 Bxc2 18. Qxc2 Ne7 19. Qb3 Nf5 20. Nxf5 Qxf5
21. Qxb7 c5 22. Re2 Rae8 23. Qxa6 Re6 24. Qb5 g5 25. Rd1 g4 26. Qd3 gxh3 27.
Qxf5+ Rxf5 28. gxh3 Rg6+ 29. Kf1 Rf3 30. Red2 Be5 31. Ke2 Rxh3 32. a4 Re6 33.
Kd3 Rf3 34. Kc4 h5 35. Rh1 Kg6 36. a5 Re8 37. Rdd1 Bf4 38. a6 Ra8 39. Kb5 Rb8+
40. Kc6 Rxb2 41. a7 Ra2 42. Ra1 Rxa7 43. Rxa7 Bxe3 44. fxe3 Rxe3 45. c4 Re4 46.
Rd7 Rxc4 47. Rxd6+ Kg5 48. Rd5+ Kg4 49. Rhxh5 1-0

[Event "World Rapid 2017"]
[Site "Riyadh KSA"]
[Date "2017.12.28"]
[Round "12.35"]
[White "Amonatov, Farrukh"]
[Black "Socko, Bartosz"]
[Result "1-0"]
[WhiteTitle "GM"]
[BlackTitle "GM"]
[WhiteElo "2636"]
[BlackElo "2593"]
[WhiteFideId "14700077"]
[BlackFideId "1107038"]
[EventDate "2017.12.26"]

1. e4 e5 2. Nf3 Nc6 3. Bc4 Bc5 4. c3 Nf6 5. d4 exd4 6. e5 d5 7. Bb5 Ne4 8. cxd4
Bb6 9. Nc3 Bg4 10. Be3 O-O 11. h3 Bxf3 12. gxf3 Nxc3 13. bxc3 f5 14. Qd2 Qh4 15.
Bg5 Qh5 16. O-O-O Ba5 17. Rhg1 Kh8 18. Rg3 h6 19. Bf4 Qh4 20. Kb2 g5 21. Rxg5
hxg5 22. Bxg5 Qh5 23. Rg1 Rg8 24. Qf4 Raf8 25. e6 Rg7 26. Rg3 a6 27. Bd3 Qh7 28.
Rg4 Kg8 29. Bh6 Rxg4 30. fxg4 Rf6 31. Qg5+ Qg6 32. Bxf5 Qxg5 33. Bxg5 Kg7 34.
Bf4 Ne7 35. Be5 Nxf5 36. gxf5 c6 37. e7 Kf7 38. Bxf6 Bc7 39. Bg5 Bd6 40. f6 c5
41. h4 b5 42. h5 b4 43. h6 1-0

[Event "World Rapid 2017"]
[Site "Riyadh KSA"]
[Date "2017.12.28"]
[Round "12.36"]
[White "Bortnyk, Olexandr"]
[Black "Howell, David W L"]
[Result "0-1"]
[WhiteTitle "GM"]
[BlackTitle "GM"]
[WhiteElo "2610"]
[BlackElo "2676"]
[WhiteFideId "14120828"]
[BlackFideId "410608"]
[EventDate "2017.12.26"]

1. d4 Nf6 2. Nc3 d5 3. Bf4 a6 4. e3 Bf5 5. Nf3 e6 6. Ne5 Nfd7 7. g4 Bg6 8. h4
Nxe5 9. Bxe5 h5 10. Bd3 Bxd3 11. cxd3 hxg4 12. Qxg4 Nd7 13. h5 Nxe5 14. dxe5 c5
15. O-O-O Qd7 16. d4 cxd4 17. Rxd4 O-O-O 18. Kb1 Kb8 19. Rc1 f6 20. exf6 gxf6
21. e4 Bc5 22. Rd3 d4 23. Ne2 Bb6 24. Qf4+ Ka7 25. Qxf6 Qb5 26. Rb3 Qxe2 27.
Qxe6 Ba5 28. Qe7 Rb8 29. Qc5+ b6 30. Qxd4 Rhd8 31. Qg7+ Rb7 32. Re3 Qxf2 33. Qg3
Qd2 34. a3 b5 35. e5 Bb6 36. Rec3 Qh6 37. Qg4 Re8 38. Rc6 Qh7+ 39. Ka1 Rxe5 40.
h6 Rbe7 41. a4 bxa4 42. Qb4 Rb5 43. Qa3 Rb7 44. Qd6 Qh8 45. R1c3 a3 46. bxa3 Rb3
47. Rc8 Bd4 48. Ka2 Rb2+ 0-1

[Event "World Rapid 2017"]
[Site "Riyadh KSA"]
[Date "2017.12.28"]
[Round "12.37"]
[White "Duda, Jan-Krzysztof"]
[Black "Eljanov, Pavel"]
[Result "1-0"]
[WhiteTitle "GM"]
[BlackTitle "GM"]
[WhiteElo "2717"]
[BlackElo "2711"]
[WhiteFideId "1170546"]
[BlackFideId "14102951"]
[EventDate "2017.12.26"]

1. Nf3 d5 2. g3 c6 3. c4 Bg4 4. Qb3 Qb6 5. Ne5 Be6 6. d3 g6 7. Be3 Qxb3 8. axb3
Bg7 9. Nf3 Bxb2 10. Rxa7 Rxa7 11. Bxa7 Nd7 12. Bd4 Bxd4 13. Nxd4 Ngf6 14. Nc3
O-O 15. Bg2 Ra8 16. Kd2 Nb6 17. f4 Bc8 18. Rc1 e6 19. Bf3 Bd7 20. c5 Nc8 21. e4
dxe4 22. dxe4 Ne7 23. Ke3 h6 24. Na4 g5 25. Nc2 Be8 26. Na3 Ng6 27. Nc4 Kf8 28.
Nd6 Ra7 29. Rc4 gxf4+ 30. gxf4 e5 31. f5 Nf4 32. Rb4 h5 33. Rxb7 Ra8 34. Nc4 1-0